=LDR 00000nam 2200000 4500 =001 INLIS000000000009122 =005 20200219012754 =035 ##$$a 0010-061300000009122 =008 200219################g##########0#ind## =041 ##$$a Ind =082 ##$$a 070 =090 ##$$a 070, Roh-s =100 ##$$a Rohani, peter a =245 1#$$a Selamat Pagi Surabaya /$c Rohani, peter a =260 ##$$a Surabaya :$b Bengkel press,$c 1996 =300 ##$$a X,141 hlm ; $c 13, 5 x 20 cm =650 #4$$a Jurnalisme =850 ##$$a NBPNMAT =084 ##$$a 070 ROH s =250 ##$$a Cet. 1 =990 ##$$a DW00023720 =990 ##$$a 106. 228/ Pb - 96 =990 ##$$a 106. 227/ Pb- 96